ბათუმის შოთა რუსთაველის სახელმწიფო უნივერსიტეტის ბიბლიოთეკა

Справочник по постройке искуственных сооружений. (ბიბ.ჩანაწერი № 40381)

000 -LEADER
fixed length control field 00730nam a2200217Ia 4500
001 - CONTROL NUMBER
control field 6989
003 - CONTROL NUMBER IDENTIFIER
control field GE_BSU
008 - FIXED-LENGTH DATA ELEMENTS--GENERAL INFORMATION
fixed length control field 181216s||||||||xx |||||||||||||| ||und||
040 ## - CATALOGING SOURCE
Transcribing agency GE_BSU
080 ## - UNIVERSAL DECIMAL CLASSIFICATION NUMBER
Universal Decimal Classification number 624.1(035.3)
100 ## - MAIN ENTRY--PERSONAL NAME
Personal name Андреев,М.П. Дубровский,А.И. Файнштеин,И.С.
245 ## - TITLE STATEMENT
Title Справочник по постройке искуственных сооружений.
245 ## - TITLE STATEMENT
Statement of responsibility, etc. Ред. И.А.Кармышев.
260 ## - PUBLICATION, DISTRIBUTION, ETC.
Place of publication, distribution, etc. М.
260 ## - PUBLICATION, DISTRIBUTION, ETC.
Name of publisher, distributor, etc. Трансжелдориздат.
260 ## - PUBLICATION, DISTRIBUTION, ETC.
Date of publication, distribution, etc. 1957.
300 ## - PHYSICAL DESCRIPTION
Extent 539стр.илл.22см.
300 ## - PHYSICAL DESCRIPTION
Accompanying material табл.
653 ## - INDEX TERM--UNCONTROLLED
Uncontrolled term Справочник по постройке искуственных сооружений.
942 ## - ADDED ENTRY ELEMENTS (KOHA)
Koha item type წიგნი
ეგზემპლარები
Withdrawn status Lost status Damaged status Not for loan Date acquired Barcode Date last seen Price effective from Koha item type
        2018-12-17 10261 2018-12-17 2018-12-17 წიგნი